Procedimiento tributario (Registro nro. 4823)
[ vista simple ]
| 000 -LEADER | |
|---|---|
| fixed length control field | 02276 a2200253 4500 |
| 001 - CONTROL NUMBER | |
| control field | 49405 |
| 005 - DATE AND TIME OF LATEST TRANSACTION | |
| control field | 20260407155757.0 |
| 008 - FIXED-LENGTH DATA ELEMENTS--GENERAL INFORMATION | |
| fixed length control field | 260407a2018 arg spa d |
| 003 - CONTROL NUMBER IDENTIFIER | |
| control field | AR-UNSa-BCEJYS |
| 040 ## - CATALOGING SOURCE | |
| Original cataloging agency | AR-UNSa-BCEJYS |
| Language of cataloging | spa |
| Transcribing agency | AR-UNSa-BCEJYS |
| 080 ## - UNIVERSAL DECIMAL CLASSIFICATION NUMBER | |
| Universal Decimal Classification number | 336.225 |
| Common auxiliary subdivision | Método de tributación y administración de impuestos |
| 020 ## - INTERNATIONAL STANDARD BOOK NUMBER | |
| International Standard Book Number | 978-987-03-3616-7 |
| 041 ## - LANGUAGE CODE | |
| Language code of text/sound track or separate title | spa |
| 100 1# - MAIN ENTRY--PERSONAL NAME | |
| Personal name | Gómez, Teresa |
| 245 10 - TITLE STATEMENT | |
| Title | Procedimiento tributario |
| Name of part/section of a work | Ley 11.683, Decreto 618/97 |
| 250 ## - EDITION STATEMENT | |
| Edition statement | 9a. ed. |
| 264 #1 - PRODUCTION, PUBLICATION, DISTRIBUTION, MANUFACTURE, AND COPYRIGHT NOTICE | |
| Place of production, publication, distribution, manufacture | Buenos Aires : |
| Name of producer, publisher, distributor, manufacturer | La Ley |
| Date of production, publication, distribution, manufacture, or copyright notice | 2018 |
| 300 ## - PHYSICAL DESCRIPTION | |
| Extent | cxxx, 1104 p. |
| Dimensions | 24 cm. |
| 505 ## - FORMATTED CONTENTS NOTE | |
| Formatted contents note | 1. Disposiciones generales / Teresa Gómez - 2. Sujetos de los deberes impositivos / Carlos María Folco - 3. Determinación y percepción de impuestos / Teresa Gómez - 4. Del pago / Carlos María Folco - 5. Verificación y calificación / Carlos María Folco - 6. Intereses, ilícitos y sanciones / Teresa Gómez - 7. Responsables de las sanciones / Teresa Gómez - 8. De la prescripción / Carlos María Folco - 9. Procedimiento penal y contencioso administrativo / Teresa Gómez - 10. Procedimiento contencioso judicial / Carlos María Folco - 11. Juicio de ejecución fiscal / Carlos María Folco - 12. Disposiciones varias / Carlos María Folco - 13. Regímenes especial de fiscalización / Carlos María Folco - 14. Cuestas de jerarquización / Teresa Gómez - 15. Régimen de actualización / Teresa Gómez - 16. Regímenes de promoción / Teresa Gómez - - Título II: 1. De la organización y competencia de los Tribunales Fiscales y actualización ante ellos / Teresa Gómez - 2. De las acciones y recursos / Teresa Gómez - 3. De la sentencia del tribunal / Teresa Gómez - 4. Disposiciones generales / Teresa Gómez - - Título III: Otras disposiciones / Teresa Gómez - - Título IV: (Título incorporado por Art. 244 de la Ley 27.430 BO/2912/2017): 1. Procedimientos de acuerdo mutuo previstos en los convenios para evitar la doble imposición internacional - 2. Determinaciones conjuntas de precios de operaciones internacionales / Carlos María Folco. |
| 590 ## - LOCAL NOTE (RLIN) | |
| Local note | niveau_biblio:m niveau_hierar:0 |
| 700 1# - ADDED ENTRY--PERSONAL NAME | |
| Personal name | Folco, Carlos Maria |
| 856 41 - ELECTRONIC LOCATION AND ACCESS | |
| Uniform Resource Identifier | <a href="https://www.biblioeco.unsa.edu.ar/pmb/images/libros/L128057.jpg">https://www.biblioeco.unsa.edu.ar/pmb/images/libros/L128057.jpg</a> |
| Link text | Imagen de portada |
| Electronic format type | image/jpeg |
| 942 ## - ADDED ENTRY ELEMENTS (KOHA) | |
| Koha item type | |
| Withdrawn status | Lost status | Damaged status | Not for loan | Home library | Current library | Shelving location | Date acquired | Total checkouts | Full call number | Barcode | Date last seen | Price effective from | Koha item type | Public note |
|---|---|---|---|---|---|---|---|---|---|---|---|---|---|---|
| Biblioteca Prof. Eusebio Cleto del Rey | Biblioteca Prof. Eusebio Cleto del Rey | 07/04/2026 | 336.225 G633 9ed. | L128057 | 07/04/2026 | 07/04/2026 | Libro | HÚMEDO - CANTO SUPERIOR MANCHADO | ||||||
| Biblioteca Prof. Eusebio Cleto del Rey | Biblioteca Prof. Eusebio Cleto del Rey | 07/04/2026 | 336.225 G633 9ed. | L128058 | 07/04/2026 | 07/04/2026 | Libro | CANTO UN POCO MANCHADO - HÚMEDO | ||||||
| Biblioteca Prof. Eusebio Cleto del Rey | Biblioteca Prof. Eusebio Cleto del Rey | 07/04/2026 | 336.225 G633 9ed. | L128059 | 07/04/2026 | 07/04/2026 | Libro | HÚMEDO - CANTO SUPERIOR CON MANCHA |